00631nam a2200169 i 4500001000300000100001800003245012500021260003400146490005400180830004700234020001500281040000800296041000800304080001000312008004100322856009800363bg1 aSANGLERAT, G. 4aThe penetrometer and soil exploration :binterpretation of penetration diagrams - diagrams and practice /cG. Sanglerat. aAmsterdam :bElsevier,c1972.1 aDevelopments in Geotechnical Engineering ;vVol.1 aDevelopments in Geotechnical Engineering ; a0444409769 cBPK apol a624.1 s pl f |000 0 pol  uhttp://koha.tu.koszalin.pl/cgi-bin/koha/opac-detail.pl?biblionumber=18828yKatalog online BPK